00807nam a2200157 a 450000100100000000500170001000800410002704000250006824502370009326000960033030000280042650000250045470000470047995201060052699900170063200003824120240314193807.0130405s2007 dr 000 0 spa d aDO-SdBNPbspacBNPHU00aLey No. 136-03 :bcódigo para el sistema de protección y los derechos fundamentales de niños, niñas y adolescentes, incluye las modificaciones de la ley 52-07 del 23 de abril de 2007 /ccoordinador Alejandro Moscoso Segarra. aSanto Domingo :bComisionado de Apoyo a la Reforma y Modernización de la Justicia,c2007. a189 p. :bil. ;c23 cm. aGaceta oficial 102341 aMoscoso Segarra, Alejandro Ad1964-962241 00107-18PDaPDbPDcOId2013-04-05iLF1l0o p38241-10r2020-06-25w2020-06-25yLFPDZNo se presta c37731d37731